Racines cubiques - Statistiques

Statistiques générales
  • Ce quiz a été pris 43 fois
  • Le résultat moyen est 16 sur 20
Statistiques - réponses
Racine cubique de Réponse % Correct
8 2
100%
1 1
95%
343 7
95%
2197 13
94%
27000 30
94%
512 8
93%
64 4
91%
1728 12
90%
125 5
90%
1000 10
89%
4096 16
89%
9261 21
89%
27 3
89%
64000 40
88%
216 6
88%
2744 14
87%
1331 11
85%
32768 32
81%
5832 18
78%
3375 15
77%
8000 20
75%
10648 22
75%
12167 23
75%
17576 26
75%
15625 25
74%
35937 33
74%
59319 39
74%
54872 38
73%
729 9
73%
4913 17
72%
6859 19
72%
13824 24
72%
19683 27
71%
21952 28
71%
29791 31
71%
42875 35
71%
50653 37
71%
46656 36
62%
39304 34
59%
24389 29
58%
Aucun quiz correspondant
Distribution des résultats
% des personnes avec chaque résultat
Percentile par nombre de réponses
Votre historique - résultats
Vous n’avez pas pris ce quiz